European Countries Containing L - Statistics

General Stats
  • This quiz has been taken 197 times
    190 since last reset
  • The average score is 18 of 21
Answer Stats
Answer % Correct
Latvia
95%
Iceland
94%
Finland
92%
Poland
92%
Lithuania
91%
Luxembourg
91%
Ireland
90%
Portugal
90%
Italy
88%
Slovenia
88%
Belgium
87%
Slovakia
87%
Switzerland
87%
Albania
85%
Belarus
85%
Liechtenstein
85%
Netherlands
85%
Bulgaria
83%
Moldova
79%
Malta
78%
Czech Republic
53%
No matching quizzes found
Score Distribution
Percent of People with Each Score
Percentile by Number Answered
Your Score History
You have not taken this quiz since the last reset